000 00240nam a22000857a 4500
008 160704b xxu||||| |||| 00| 0 eng d
100 _91914
_a Narula
245 _aEffective Teaching in Higher Education
260 _aNew Delhi
_bCommon Wealth
_c2005
999 _c1616
_d1616